| 000 | 03256nab a22006017 4500 | ||
|---|---|---|---|
| 003 | AR-RoUNA | ||
| 022 | _a0327-9022 | ||
| 040 |
_aAR-RoUNA _bspa |
||
| 041 | _aspa | ||
| 044 | _aag | ||
| 245 |
_aSumma+ / _bReusando el pasado reciente: Mexic DF - Belo Horizonte - Ámsterdam - Buenos Aires - Piracicaba - Río de Janeiro - Ronchamp |
||
| 260 |
_aBuenos Aires , _c1993 |
||
| 300 |
_a128 p. : _bil. byn. _bplanos _c34 X25 cm. |
||
| 505 | 0 | _tINDICE | |
| 505 | 0 | _aFernando Diez / Reutilizando el pasado reciente: eclecticismo y pintoresco. p. 4 | |
| 505 | 0 | _tINVADIR: PRESERVAR Y ALTERAR | |
| 505 | 0 | _aEnrique Norten - Ten arqs. / Museo Universitario del Chopo, México, 2010. p. 7 | |
| 505 | 0 | _tDIÁLOGO DE FORMAS Y TIEMPO | |
| 505 | 0 | _aPaulo Mendes Da Rocha y Pedro Mendes Da Rocha / Museu Das Minas E Do Metal, Belo Horizonte, Brasil, 2010. p. 14 | |
| 505 | 0 | _tNATURAL Y CULTURAL | |
| 505 | 0 | _aEstudio arq. + Tetro arq. / Memorial Minas Gerais, Belo Horizonte, Brasil, 2010. p. 22 | |
| 505 | 0 | _tCRUZA LA HISTORIA COMO UN PUENTE | |
| 505 | 0 | _aCruz y ortiz arqs. / The New Rijksmuseum. Rehabilitación, adpatación y ampliación, Ámsterdam, 2013. p. 29 | |
| 505 | 0 | _tGENERADORA DE CIUDAD | |
| 505 | 0 | _aMinisterio de desarrollo urbano de la ciudad de Buenos Aires / Usina del Arte, CABA, 2012. p. 37 | |
| 505 | 0 | _tCON LA MARCA DE LA TIERRA | |
| 505 | 0 | _aBrasil arq. / Teatro erotídes de campos - Engenhd Central, San Pablo, 2012. p. 44 | |
| 505 | 0 | _aRoberto Segre, Fernando Serapio, Daniela Ortiz Dos Santos, Thiago Leitäo de Souza / El rescate de la unidad perdida: el teatro del Museo de arte moderno (MAM) de Alfonso Eduardo Reidy, Río de Janeiro, 2007. p. 52 | |
| 505 | 0 | _tEL DISCRETO ENCANTO DE LOS FELIGRESES | |
| 505 | 0 | _aRenzo Piano Building Workshop, Atelier Cdralidudu, Landcaspe arch. / Rehabiñitación del conjunto de Ronchamp. p .61 | |
| 505 | 0 | _aDavid Heymann / El muy malvado elevador de granos. p. 68 | |
| 505 | 0 | _tMUSEO ABIERTO A LA CALLE | |
| 505 | 0 | _tSergio Sebastián Franco / Sala Multiusos, Museo Arqueológico y ampliación de Sede Comarcal, Zaragoza, España, 2012. p. 76 | |
| 505 | 0 | _tSEDE CULTURAL | |
| 505 | 0 | _aJ5ª + Arq. 911 SC / Centro Cultural de España en México, México, 2012. p. 82 | |
| 505 | 0 | _tTORREÓN COMPLETADO | |
| 505 | 0 | _aACXT / Rehabilitación del archivo histórico de Huesca, España, 2012. p. 90 | |
| 505 | 0 | _tLECTURAS EN TEORÍA DE LA ARQUITECTURA | |
| 505 | 0 | _aMartín de Peco / Ejes Centrales. p. 97 | |
| 505 | 0 | _aCarolina Corti / Futuros del pasado. p. 113 | |
| 505 | 0 | _aIgancio Ros de Olano / Split en papel. p. 117 | |
| 505 | 0 | _aRafael E.J. Iglesia / Arte en la Urbe. p. 118 | |
| 505 | 0 | _aRuth Verde Zein / Hay que ir hacia las obras. p. 120 | |
| 505 | 0 | _aRoberto Fernández / El último verano. p. 125 | |
| 505 | 0 | _aRita Molinos y Mario Sabugo / EUR (1): En la tercera Roma. p. 126 | |
| 505 | 0 | _aClaudia Shmidt / Francisco Bullrich y la arquitectura contemporánea. p. 128 | |
| 650 | _aArquitectura contemporánea | ||
| 773 | 0 |
_aSumma+ _dBuenos Aires, Argentina _gNº128 (abr-2013), p. 128 _x0327-9022 |
|
| 908 | _aImp | ||
| 942 |
_2udc _cART |
||
| 945 |
_aMBP _d2022-07-08 |
||
| 980 |
_8138 _gCarolina Rainero _6138 _aCarolina Rainero |
||
| 999 |
_c12274 _d12274 |
||